[Event "PRO League Group Stage"]
[Site "chess.com INT"]
[Date "2019.01.10"]
[Round "1"]
[White "Ladva, Ottomar"]
[Black "Soumya, Swaminathan"]
[Result "1-0"]
[WhiteTitle "GM"]
[BlackTitle "WGM"]
[WhiteElo "2497"]
[BlackElo "2416"]
[WhiteTeam "Estonia Horses"]
[BlackTeam "Mumbai Movers"]
[WhiteFideId "4500024"]
[BlackFideId "5016193"]
[EventDate "2019.01.08"]

1. Nf3 c5 2. c4 Nc6 3. Nc3 g6 4. e3 Nf6 5. d4 cxd4 6. exd4 d5 7. cxd5 Nxd5 8.
Qb3 e6 9. Bg5 Be7 10. Bh6 Bf8 11. Bxf8 Kxf8 12. Bb5 Nce7 13. O-O Kg7 14. Rfe1 a6
15. Bc4 b5 16. Bxd5 Nxd5 17. Nxd5 Qxd5 18. Qxd5 exd5 19. Rac1 Bf5 20. Rc5 Rac8
21. h3 h6 22. Re7 Be6 23. b4 Kf6 24. Ra7 Ra8 25. Rxa8 Rxa8 26. Ne5 Ke7 27. a3
Rc8 28. f3 Kd6 29. Nxf7+ Ke7 30. Rxc8 Bxc8 31. Nxh6 Kf6 32. Kf2 Be6 33. Ng4+ Kf5
34. Ne5 g5 35. g4+ Kf6 36. Kg3 Bc8 37. f4 gxf4+ 38. Kxf4 Be6 39. h4 Bc8 40. g5+
Kg7 41. h5 Bh3 42. g6 1-0

[Event "PRO League Group Stage"]
[Site "chess.com INT"]
[Date "2019.01.10"]
[Round "1"]
[White "Adhiban, Baskaran"]
[Black "Kanep, Meelis"]
[Result "1-0"]
[WhiteTitle "GM"]
[BlackTitle "GM"]
[WhiteElo "2689"]
[BlackElo "2435"]
[WhiteTeam "Mumbai Movers"]
[BlackTeam "Estonia Horses"]
[WhiteFideId "5018471"]
[BlackFideId "4501047"]
[EventDate "2019.01.08"]

1. d4 d5 2. c4 dxc4 3. Nf3 a6 4. e3 b5 5. a4 Bb7 6. b3 e6 7. bxc4 bxc4 8. Bxc4
Nf6 9. Nbd2 Nbd7 10. Qb3 Rb8 11. Qd3 Nd5 12. O-O Nb4 13. Qe2 c5 14. Nb3 Be7 15.
Rd1 Qc7 16. Bb2 Bxf3 17. Qxf3 cxd4 18. Rac1 Na2 19. Bxe6 Nxc1 20. Bxf7+ Kf8 21.
Nxd4 Ne2+ 22. Qxe2 Kxf7 23. Qh5+ g6 24. Qd5+ Ke8 25. Ne6 Qb7 26. Qxb7 Rxb7 27.
Bxh8 Kf7 28. Nf4 Nc5 29. a5 Rb5 30. Bc3 Nb3 31. Rd5 Rxd5 32. Nxd5 Bd8 33. Kf1
Ke6 34. Nb6 Kd6 35. Ke2 Kc5 36. Kd3 Kb5 37. Nd7 Nxa5 38. Nf8 Nb7 39. Nxh7 Nc5+
40. Kc2 Bc7 41. h4 Ne4 42. Be1 a5 43. Nf8 a4 44. f3 Nc5 45. Nxg6 a3 46. Bc3 a2
47. h5 Ba5 48. Bb2 Na4 49. h6 Bc3 50. Bxc3 Nxc3 51. Kb2 1-0

[Event "PRO League Group Stage"]
[Site "chess.com INT"]
[Date "2019.01.10"]
[Round "1"]
[White "Puranik, Abhimanyu"]
[Black "Kukk, Sander"]
[Result "1-0"]
[WhiteTitle "GM"]
[WhiteElo "2536"]
[BlackElo "2244"]
[WhiteTeam "Mumbai Movers"]
[BlackTeam "Estonia Horses"]
[WhiteFideId "5061245"]
[BlackFideId "4502094"]
[EventDate "2019.01.08"]

1. e4 g6 2. d4 Bg7 3. Nc3 c6 4. Nf3 d5 5. h3 dxe4 6. Nxe4 Nd7 7. Bc4 Ngf6 8.
Nxf6+ Nxf6 9. O-O O-O 10. c3 b6 11. Re1 Qc7 12. Ne5 Nd7 13. Nxf7 Rxf7 14. Qb3 e6
15. Bxe6 Nf6 16. Bxf7+ Qxf7 17. Re7 Qxb3 18. axb3 a5 19. Rc7 Be6 20. Rxc6 Bxb3
21. Rxb6 Bc4 22. Bg5 Nd5 23. Rb7 a4 24. Bd2 Bf8 25. Re1 Bd6 26. Bh6 a3 27. bxa3
Nxc3 28. Rg7+ Kh8 29. Rd7 Bxa3 30. Rc7 Ne2+ 31. Kh1 Bd3 32. Ra1 Bf5 33. Re7 1-0

[Event "PRO League Group Stage"]
[Site "chess.com INT"]
[Date "2019.01.10"]
[Round "1"]
[White "Martirosyan, Haik M."]
[Black "Andreikin, Dmitry"]
[Result "1-0"]
[WhiteTitle "GM"]
[BlackTitle "GM"]
[WhiteElo "2607"]
[BlackElo "2725"]
[WhiteTeam "Armenia Eagles"]
[BlackTeam "Volga Stormbringers"]
[WhiteFideId "13306553"]
[BlackFideId "4158814"]
[EventDate "2019.01.08"]

1. d4 Nf6 2. Nf3 e6 3. c4 a6 4. Nc3 d5 5. cxd5 exd5 6. Bg5 Be6 7. e3 Nbd7 8. Bd3
h6 9. Bf4 g5 10. Bg3 Nh5 11. Qc2 Nxg3 12. hxg3 Bg7 13. Bf5 Qf6 14. g4 O-O 15.
Ne2 c5 16. Ng3 Rfc8 17. Qd2 Qe7 18. Rd1 Nf6 19. dxc5 Rxc5 20. Nd4 Rac8 21. O-O
Rc4 22. Qe2 Qd6 23. e4 Rxd4 24. Rxd4 Nxg4 25. Rxd5 Qf4 26. Bxe6 fxe6 27. Rd7 Be5
28. Rfd1 Rf8 29. Rd8 h5 30. Rxf8+ Kxf8 31. Nf1 Qf6 32. Qd2 Bc7 33. Qb4+ Ke8 34.
f3 Ne5 35. Qxb7 Qe7 36. Rc1 Nxf3+ 37. Kh1 g4 38. Qxc7 Qh4+ 39. Nh2 g3 40. Qc8+
Ke7 41. Rc7+ Kd6 42. Qd7+ Ke5 43. Rc5+ Kf4 44. Qf7+ Ke3 45. Qxf3+ Kd2 46. Qxg3 1-0

[Event "PRO League Group Stage"]
[Site "chess.com INT"]
[Date "2019.01.10"]
[Round "1"]
[White "Andriasian, Zaven"]
[Black "Abdusattorov, Nodirbek"]
[Result "0-1"]
[WhiteTitle "GM"]
[BlackTitle "GM"]
[WhiteElo "2604"]
[BlackElo "2560"]
[WhiteTeam "Armenia Eagles"]
[BlackTeam "Volga Stormbringers"]
[WhiteFideId "13302000"]
[BlackFideId "14204118"]
[EventDate "2019.01.08"]

1. e4 c5 2. Nf3 d6 3. d4 cxd4 4. Nxd4 Nf6 5. Nc3 a6 6. Be3 e5 7. Nf3 Be7 8. Bc4
O-O 9. O-O Be6 10. Bb3 Nc6 11. Qe2 Na5 12. Rfd1 Nxb3 13. axb3 Qc7 14. Bg5 Rac8
15. Bxf6 Bxf6 16. Ne1 Qc6 17. Nd5 Bd8 18. c4 Bxd5 19. Rxd5 Bb6 20. Nf3 Bc5 21.
Rad1 Qb6 22. R1d3 f5 23. g3 fxe4 24. Qxe4 Rf6 25. Kg2 Rcf8 26. h4 h6 27. h5 Bxf2
28. Nh4 Bg1 29. Kh3 Qf2 30. Rd2 Qf1+ 31. Qg2 Bc5 32. Qxf1 Rxf1 33. Ng6 R8f2 34.
Rxf2 Rxf2 35. Nxe5 Rxb2 36. Ng6 Kf7 37. Rd3 Ke6 38. Kg4 b5 39. cxb5 axb5 40.
Nf4+ Ke5 41. Rf3 Rc2 42. Ng6+ Ke4 43. Rf7 Bd4 44. Nf4 Be5 45. Ng6 Bf6 46. Nf4
Rc5 47. Rd7 Rg5+ 48. Kh3 Kf3 49. Kh2 Rxg3 50. Ne6 Rg4 51. Rf7 Kf2 0-1

[Event "PRO League Group Stage"]
[Site "chess.com INT"]
[Date "2019.01.10"]
[Round "1"]
[White "Gorozhanin, Mikhail"]
[Black "Manukian, Artak"]
[Result "0-1"]
[WhiteTitle "FM"]
[WhiteElo "2429"]
[BlackElo "2196"]
[WhiteTeam "Volga Stormbringers"]
[BlackTeam "Armenia Eagles"]
[WhiteFideId "4178262"]
[BlackFideId "13301373"]
[EventDate "2019.01.08"]

1. d4 Nf6 2. Nf3 d5 3. c4 c6 4. Nbd2 e6 5. g3 Nbd7 6. Bg2 Be7 7. O-O O-O 8. Qc2
b6 9. e4 Bb7 10. e5 Ne8 11. cxd5 cxd5 12. Re1 Ba6 13. Nf1 Rc8 14. Qb3 b5 15. h4
h6 16. Ne3 Qa5 17. Ng4 Qa4 18. Qe3 Qc2 19. Bf1 Qh7 20. Bd3 Qh8 21. h5 Nc7 22.
Qe2 Nb8 23. a3 b4 24. axb4 Bxd3 25. Qxd3 Bxb4 26. Bd2 Bxd2 27. Qxd2 Nb5 28. Rac1
Qh7 29. Qf4 Nd7 30. Kg2 Rc4 31. b3 Rc3 32. Rxc3 Nxc3 33. Qd2 Ne4 34. Qa5 f5 35.
Ne3 g5 36. hxg6 Qxg6 37. Nxd5 exd5 38. Qxd5+ Kh8 39. Qxd7 f4 40. Nh4 f3+ 41. Kg1
Qxg3+ 42. fxg3 f2+ 43. Kf1 Nxg3+ 44. Kg2 fxe1=Q 45. Ng6+ Kg8 46. Ne7+ Kg7 47.
Nf5+ Kg6 48. Nxg3 Qf2+ 49. Kh3 Qf7 50. Qxf7+ Kxf7 51. Kg4 Ke6 52. Ne2 Rg8+ 53.
Kf3 h5 54. Ke4 h4 55. Nf4+ Ke7 56. d5 Rg1 57. d6+ Kd7 58. Kf5 Rf1 59. Kg4 h3 60.
Nxh3 Ke6 61. Ng5+ Kd7 62. Kh5 Rf5 63. Kg6 Rxe5 64. Nf7 Re3 65. Kf6 Rxb3 66. Ke5
Rb5+ 67. Kd4 a6 68. Kc4 Ke6 0-1

[Event "PRO League Group Stage"]
[Site "chess.com INT"]
[Date "2019.01.10"]
[Round "1"]
[White "Rodchenkov, Vitaly"]
[Black "Sargsyan, Shant"]
[Result "1/2-1/2"]
[WhiteTitle "FM"]
[BlackTitle "IM"]
[WhiteElo "2296"]
[BlackElo "2486"]
[WhiteTeam "Volga Stormbringers"]
[BlackTeam "Armenia Eagles"]
[WhiteFideId "4152964"]
[BlackFideId "13306766"]
[EventDate "2019.01.08"]

1. e4 e5 2. Nf3 Nc6 3. d4 exd4 4. Nxd4 Bc5 5. Nb3 Bb6 6. Nc3 d6 7. Qe2 a5 8. Be3
a4 9. Nd2 a3 10. Bxb6 axb2 11. Rb1 cxb6 12. Rxb2 Nf6 13. Qe3 O-O 14. Qxb6 Qe7
15. Bd3 Qe5 16. Ne2 Nd7 17. Qb5 Nc5 18. Nc4 Nxd3+ 19. cxd3 Qxb5 20. Rxb5 Rxa2
21. Nc3 Rc2 22. Nd1 Rd8 23. O-O Be6 24. Nde3 Rc3 25. Rd1 Ne5 26. Nxe5 dxe5 27.
Rxb7 f6 28. Rb6 Kf7 29. Rb7+ Kg8 30. Rb6 1/2-1/2

[Event "PRO League Group Stage"]
[Site "chess.com INT"]
[Date "2019.01.10"]
[Round "1"]
[White "Kryakvin, Dmitry"]
[Black "Savchenko, Boris"]
[Result "1-0"]
[WhiteTitle "GM"]
[BlackTitle "GM"]
[WhiteElo "2588"]
[BlackElo "2562"]
[WhiteTeam "Moscow Phoenix"]
[BlackTeam "Moscow Wizards"]
[WhiteFideId "4153278"]
[BlackFideId "4147332"]
[EventDate "2019.01.08"]

1. d4 Nf6 2. Bg5 e6 3. e4 h6 4. Bxf6 Qxf6 5. c3 d5 6. Bd3 c5 7. Nf3 Nc6 8. O-O
Qd8 9. exd5 Qxd5 10. Re1 Be7 11. Be4 Qd6 12. Na3 cxd4 13. Nb5 Qd8 14. Nbxd4 Nxd4
15. Nxd4 O-O 16. Qb3 a6 17. Rad1 Qc7 18. g3 Rb8 19. Bb1 Bf6 20. h4 h5 21. Nf3
Qc5 22. Qc2 g6 23. Qd2 Qc7 24. Ng5 Rd8 25. Qe3 Bd7 26. Qf3 Bxg5 27. hxg5 Ba4 28.
b3 Be8 29. c4 Qa5 30. Qe3 Kf8 31. a4 b6 32. Be4 Qb4 33. Kg2 a5 34. Qf3 Kg8 35.
Rxd8 Rxd8 36. Rd1 Rxd1 37. Qxd1 Qe7 38. Qd4 Qc7 39. f4 Bc6 40. Kf3 Bxe4+ 41.
Qxe4 Qd6 42. Ke2 Qa3 43. Qd3 Qb2+ 44. Kf3 Kg7 45. Qe3 Qb1 46. Qxb6 Qd1+ 47. Ke4
Qh1+ 48. Ke5 Qe1+ 49. Kd6 e5 50. Kd7 exf4 51. Qf6+ Kg8 52. Qxf4 Qd1+ 53. Kc7
Qxb3 54. c5 Qb4 55. c6 Qc5 56. Kb7 Qd5 57. Kb6 Qb3+ 58. Kxa5 Qc3+ 59. Kb5 Qd3+
60. Qc4 Qf5+ 61. Kb6 Qb1+ 62. Qb5 Qg1+ 63. Kb7 Qg2 64. a5 Kg7 65. a6 Qxg3 66. a7
Qc3 67. a8=Q 1-0

[Event "PRO League Group Stage"]
[Site "chess.com INT"]
[Date "2019.01.10"]
[Round "1"]
[White "Ponkratov, Pavel"]
[Black "Dobrov, Vladimir"]
[Result "0-1"]
[WhiteTitle "GM"]
[BlackTitle "GM"]
[WhiteElo "2630"]
[BlackElo "2478"]
[WhiteTeam "Moscow Phoenix"]
[BlackTeam "Moscow Wizards"]
[WhiteFideId "4157800"]
[BlackFideId "4136594"]
[EventDate "2019.01.08"]

1. e4 c5 2. Nf3 Nc6 3. Bb5 g6 4. O-O Bg7 5. c3 e5 6. Re1 Nge7 7. Na3 O-O 8. Nc4
a6 9. Bxc6 Nxc6 10. a4 d6 11. d3 h6 12. Be3 Be6 13. b3 Rb8 14. d4 exd4 15. cxd4
b5 16. d5 bxc4 17. bxc4 Bd7 18. dxc6 Bxc6 19. Bf4 Bxa1 20. Qxa1 g5 21. Bg3 Re8
22. Rd1 Bxe4 23. Nd2 Bc2 24. Rc1 Bg6 25. Nf1 f5 26. f4 Re2 27. Re1 Rbb2 28. Rxe2
Rxe2 29. Qd1 Re4 30. Qd5+ Kh7 31. fxg5 f4 32. Bh4 Qe7 33. Bf2 hxg5 34. h4 gxh4
35. Nd2 Re5 36. Qa8 Re2 37. Qd5 Qe5 38. Qb7+ Kh6 39. Nf1 h3 40. Nh2 Qa1+ 41. Nf1
h2+ 42. Kxh2 Qxf1 43. Qb8 Re8 44. Qb2 Qe2 0-1

[Event "PRO League Group Stage"]
[Site "chess.com INT"]
[Date "2019.01.10"]
[Round "1"]
[White "Lushenkov, Mikhail"]
[Black "Mikhailovsky, Vladimir"]
[Result "1-0"]
[WhiteTitle "IM"]
[BlackTitle "CM"]
[WhiteElo "2434"]
[BlackElo "2180"]
[WhiteTeam "Moscow Wizards"]
[BlackTeam "Moscow Phoenix"]
[WhiteFideId "4162129"]
[BlackFideId "34105414"]
[EventDate "2019.01.08"]

1. Nf3 d5 2. d4 Nf6 3. c4 e6 4. Nc3 a6 5. cxd5 exd5 6. Bg5 Be7 7. e3 O-O 8. Bd3
h6 9. Bh4 Nbd7 10. O-O b5 11. Rc1 Bb7 12. Bf5 Re8 13. h3 Nb6 14. Ne2 Nc4 15. b3
Nd6 16. Bb1 Nfe4 17. Bxe7 Qxe7 18. Ne5 Rac8 19. Nd3 c6 20. Nc5 a5 21. Bxe4 Nxe4
22. Nxe4 dxe4 23. Rc5 b4 24. Ng3 Ba6 25. Re1 Bd3 26. Qg4 Kh8 27. Rec1 a4 28.
bxa4 Rcd8 29. Rxc6 Ra8 30. h4 Rxa4 31. Nf5 Qf8 32. Rb6 Rxa2 33. Qf4 Ra6 34. Rb7
Rf6 35. Rcc7 Kh7 36. h5 Rd8 37. Qg4 Rd5 38. Rc8 1-0

[Event "PRO League Group Stage"]
[Site "chess.com INT"]
[Date "2019.01.10"]
[Round "1"]
[White "Vastrukhin, Oleg"]
[Black "Demidov, Mikhail"]
[Result "1-0"]
[BlackTitle "IM"]
[WhiteElo "2413"]
[BlackElo "2520"]
[WhiteTeam "Moscow Wizards"]
[BlackTeam "Moscow Phoenix"]
[WhiteFideId "4192770"]
[BlackFideId "4197143"]
[EventDate "2019.01.08"]

1. Nf3 d5 2. g3 Bg4 3. Bg2 c6 4. O-O Nd7 5. d4 e6 6. c4 Ngf6 7. Qb3 Qb6 8. Nc3
Be7 9. c5 Qa6 10. Bf4 b6 11. cxb6 axb6 12. Rfc1 O-O 13. h3 Bh5 14. g4 Bg6 15.
Bf1 c5 16. e4 c4 17. e5 Ne4 18. Qd1 b5 19. Nxe4 Bxe4 20. Ng5 Bg6 21. h4 h6 22.
Nf3 Be4 23. Nd2 f5 24. g5 Qb6 25. Nxe4 fxe4 26. Be3 hxg5 27. hxg5 Rf3 28. Bg2
Raf8 29. Bxf3 Rxf3 30. Kg2 Qd8 31. Qh1 Bxg5 32. Qh5 Bxe3 33. fxe3 Rf5 34. Qh3
Qg5+ 35. Kh1 Rf3 36. Qxe6+ Kf8 37. Rc2 Qh6+ 38. Qxh6 gxh6 39. Re2 Nb6 40. Kg2
Ke7 41. Rf1 Rxf1 42. Kxf1 Na4 43. Ke1 b4 44. Rh2 c3 45. bxc3 Nxc3 46. Rb2 h5 47.
Rxb4 Nxa2 48. Rb7+ Ke6 49. Rh7 Nb4 50. Rxh5 Nd3+ 51. Kd2 Nb2 52. Rh6+ Ke7 53.
Rc6 Nd3 54. Rd6 Nb4 55. Kc3 Na2+ 56. Kb3 Nc1+ 57. Kb4 Nd3+ 58. Kb5 Nb2 59. Kc6
Nd1 60. Kxd5 Nc3+ 61. Kc5 Nd1 62. Rh6 Nxe3 63. Rh4 Ke6 64. Rxe4 Nd5 65. Rh4 Nc3
66. Rh6+ Kf5 67. Rf6+ Kg5 68. Rf8 Kg6 69. e6 1-0

[Event "PRO League Group Stage"]
[Site "chess.com INT"]
[Date "2019.01.10"]
[Round "1"]
[White "Adhiban, Baskaran"]
[Black "Ladva, Ottomar"]
[Result "1-0"]
[WhiteTitle "GM"]
[BlackTitle "GM"]
[WhiteElo "2689"]
[BlackElo "2497"]
[WhiteTeam "Mumbai Movers"]
[BlackTeam "Estonia Horses"]
[WhiteFideId "5018471"]
[BlackFideId "4500024"]
[EventDate "2019.01.08"]

1. d4 Nf6 2. c4 e6 3. Nf3 d5 4. Nc3 a6 5. cxd5 exd5 6. Bg5 Be6 7. e3 Nbd7 8. h3
Bd6 9. Bf4 Qe7 10. Bxd6 Qxd6 11. Bd3 O-O 12. O-O Rfe8 13. a3 c6 14. Rc1 a5 15.
Nd2 b5 16. e4 dxe4 17. Ndxe4 Nxe4 18. Nxe4 Qxd4 19. Nd6 Qxb2 20. Nxe8 Rxe8 21.
Rxc6 Ne5 22. Rb6 b4 23. axb4 axb4 24. Qa4 Bd7 25. Bb5 Bxb5 26. Rxb5 Qe2 27. Rxb4
Nd3 28. Rbb1 h6 29. Qd1 g5 30. Rb8 Nf4 31. Rxe8+ Qxe8 32. Qf3 Qe2 33. Qxe2 Nxe2+
34. Kh2 Kg7 35. g3 h5 36. Re1 Nd4 37. Kg2 Kg6 38. Re4 Nf5 39. Kf3 f6 40. Ra4 h4
41. gxh4 Nxh4+ 42. Rxh4 gxh4 43. Kg4 Kh6 44. Kxh4 Kg6 45. Kg4 1-0

[Event "PRO League Group Stage"]
[Site "chess.com INT"]
[Date "2019.01.10"]
[Round "1"]
[White "Kanep, Meelis"]
[Black "Soumya, Swaminathan"]
[Result "1-0"]
[WhiteTitle "GM"]
[BlackTitle "WGM"]
[WhiteElo "2435"]
[BlackElo "2416"]
[WhiteTeam "Estonia Horses"]
[BlackTeam "Mumbai Movers"]
[WhiteFideId "4501047"]
[BlackFideId "5016193"]
[EventDate "2019.01.08"]

1. d4 Nf6 2. Bg5 Ne4 3. h4 c5 4. dxc5 Qa5+ 5. Nd2 Nxg5 6. hxg5 Qxc5 7. g6 fxg6
8. Ngf3 Nc6 9. c3 d5 10. e4 e6 11. Bd3 Qd6 12. Qe2 Ne7 13. O-O-O Bd7 14. e5 Qb6
15. Ng5 h6 16. Qf3 Nf5 17. Bxf5 gxf5 18. Qh5+ Ke7 19. Qf7+ Kd8 20. Nc4 Qa6 21.
Nd6 Bxd6 22. Nxe6+ Kc8 23. exd6 Qxd6 24. Qxg7 Re8 25. Nd4 Qf4+ 26. Kb1 Qxf2 27.
Rxh6 a6 28. Rd6 Rd8 29. Rxd5 f4 30. Qe5 1-0

[Event "PRO League Group Stage"]
[Site "chess.com INT"]
[Date "2019.01.10"]
[Round "1"]
[White "Kukk, Sander"]
[Black "Sadhwani, Raunak"]
[Result "0-1"]
[BlackTitle "IM"]
[WhiteElo "2244"]
[BlackElo "2451"]
[WhiteTeam "Estonia Horses"]
[BlackTeam "Mumbai Movers"]
[WhiteFideId "4502094"]
[BlackFideId "35093487"]
[EventDate "2019.01.08"]

1. b3 e5 2. Bb2 Nc6 3. e3 d6 4. Bb5 Bd7 5. Nf3 a6 6. Be2 g6 7. d4 Bg7 8. d5 Nce7
9. c4 f5 10. Nc3 Nf6 11. c5 O-O 12. Bc4 Kh8 13. b4 h6 14. O-O g5 15. a3 Ng6 16.
Qc2 g4 17. Nd2 Qe7 18. c6 bxc6 19. dxc6 Bxc6 20. Qxf5 Nh4 21. Qe6 Qd8 22. Nd5
Nxd5 23. Bxd5 Bd7 0-1

[Event "PRO League Group Stage"]
[Site "chess.com INT"]
[Date "2019.01.10"]
[Round "1"]
[White "Puranik, Abhimanyu"]
[Black "Ehlvest, Jaan"]
[Result "0-1"]
[WhiteTitle "GM"]
[BlackTitle "GM"]
[WhiteElo "2536"]
[BlackElo "2521"]
[WhiteTeam "Mumbai Movers"]
[BlackTeam "Estonia Horses"]
[WhiteFideId "5061245"]
[BlackFideId "4500016"]
[EventDate "2019.01.08"]

1. e4 e5 2. Nf3 Nc6 3. Bb5 Bc5 4. c3 Bb6 5. O-O d6 6. d4 Bd7 7. Bg5 f6 8. Be3
Nge7 9. Nbd2 O-O 10. Nc4 Bg4 11. Nxb6 axb6 12. Be2 Qe8 13. h3 Bd7 14. Re1 Qg6
15. Bc4+ Kh8 16. Nh4 Qe8 17. Kh2 g5 18. Nf3 g4 19. Nh4 Qh5 20. g3 Ng6 21. Nxg6+
hxg6 22. Rh1 Kg7 23. Be2 exd4 24. cxd4 Rh8 25. h4 Rae8 26. Rc1 d5 27. e5 g5 28.
exf6+ Kf7 29. Kg2 gxh4 30. Rxh4 Qg6 31. Bd3 Qxf6 32. Rxg4 Bxg4 33. Qxg4 Rxe3 34.
fxe3 Ke7 35. Rf1 Qh6 36. Bf5 Qh2+ 37. Kf3 Rf8 38. Kf4 Nd8 39. Qg7+ Nf7 40. Bg6
Qh6+ 41. Qxh6 Nxh6+ 42. Kg5 Rxf1 43. Kxh6 Kf6 44. g4 Rg1 45. Bh5 c5 46. Kh7 c4 0-1

[Event "PRO League Group Stage"]
[Site "chess.com INT"]
[Date "2019.01.10"]
[Round "1"]
[White "Kannappan, Priyadharshan"]
[Black "Jobava, Baadur"]
[Result "0-1"]
[WhiteTitle "GM"]
[BlackTitle "GM"]
[WhiteElo "2553"]
[BlackElo "2629"]
[WhiteTeam "Delhi Dynamite"]
[BlackTeam "Tbilisi Gentlemen"]
[WhiteFideId "5018293"]
[BlackFideId "13601520"]
[EventDate "2019.01.08"]

1. e4 c5 2. Nf3 e6 3. g3 b6 4. Bg2 Bb7 5. Nc3 Nc6 6. O-O g5 7. d3 h6 8. Be3 Bg7
9. Nd2 Nge7 10. f4 gxf4 11. Bxf4 Ng6 12. Bd6 a6 13. a4 Nce5 14. Nf3 h5 15. h4
Rc8 16. Ne2 Nxf3+ 17. Rxf3 Bxb2 18. Rb1 Be5 19. Bxe5 Nxe5 20. Rf4 Bc6 21. c3 Ng4
22. Qb3 b5 23. axb5 axb5 24. d4 c4 25. Qb4 d6 26. d5 Qb6+ 27. Kh1 Bd7 28. dxe6
fxe6 29. Rd1 Qc5 30. Rxd6 e5 31. Qxc5 Rxc5 32. Rf1 Ne3 33. Ra1 Ke7 34. Rd2 Rc7
35. Bf3 Bg4 36. Ng1 Rf8 37. Bg2 b4 38. cxb4 c3 39. Rd3 c2 40. Rc1 Nd1 41. Rd2
Rf2 42. Rd5 Ne3 43. Rxe5+ Kf6 44. Rc5 Rxc5 45. bxc5 Rxg2 46. c6 Rd2 0-1

[Event "PRO League Group Stage"]
[Site "chess.com INT"]
[Date "2019.01.10"]
[Round "1"]
[White "Nihal, Sarin"]
[Black "Jojua, Davit"]
[Result "0-1"]
[WhiteTitle "GM"]
[BlackTitle "GM"]
[WhiteElo "2578"]
[BlackElo "2588"]
[WhiteTeam "Delhi Dynamite"]
[BlackTeam "Tbilisi Gentlemen"]
[WhiteFideId "25092340"]
[BlackFideId "13602543"]
[EventDate "2019.01.08"]

1. e4 c5 2. Nc3 Nc6 3. Bb5 Nd4 4. Nf3 e6 5. O-O Ne7 6. Re1 a6 7. Bf1 d6 8. Nxd4
cxd4 9. Ne2 Nc6 10. c3 dxc3 11. bxc3 Be7 12. d4 O-O 13. a4 Bd7 14. Be3 Rc8 15.
Ng3 Na5 16. Rc1 Nc4 17. Bxc4 Rxc4 18. Qg4 e5 19. Nf5 Bxf5 20. Qg5 Bxg5 0-1

[Event "PRO League Group Stage"]
[Site "chess.com INT"]
[Date "2019.01.10"]
[Round "1"]
[White "Quparadze, Giga"]
[Black "Tania, Sachdev"]
[Result "1-0"]
[WhiteTitle "GM"]
[BlackTitle "IM"]
[WhiteElo "2493"]
[BlackElo "2400"]
[WhiteTeam "Tbilisi Gentlemen"]
[BlackTeam "Delhi Dynamite"]
[WhiteFideId "13602250"]
[BlackFideId "5007844"]
[EventDate "2019.01.08"]

1. e4 e5 2. Nf3 Nc6 3. Bb5 a6 4. Ba4 g6 5. O-O Bg7 6. c3 b5 7. Bb3 Nge7 8. d4
exd4 9. cxd4 O-O 10. Nc3 d6 11. h3 Na5 12. Bg5 Nxb3 13. axb3 f6 14. Bf4 Bb7 15.
d5 Qd7 16. Nd4 Rf7 17. Ne6 Bh8 18. Re1 Re8 19. Rc1 c5 20. b4 c4 21. Be3 f5 22.
f3 Bf6 23. Bd4 Bc8 24. Bxf6 Rxf6 25. Qd4 Rf7 26. Ng5 Rg7 27. Ne2 Qd8 28. Nf4 Nc6
29. dxc6 Qxg5 30. Nd5 Rf8 31. e5 dxe5 32. Qxe5 Qd2 33. Nf6+ 1-0

[Event "PRO League Group Stage"]
[Site "chess.com INT"]
[Date "2019.01.10"]
[Round "1"]
[White "Volkov, Nika"]
[Black "Grover, Sahaj"]
[Result "1-0"]
[BlackTitle "GM"]
[WhiteElo "2153"]
[BlackElo "2511"]
[WhiteTeam "Tbilisi Gentlemen"]
[BlackTeam "Delhi Dynamite"]
[WhiteFideId "13604376"]
[BlackFideId "5021103"]
[EventDate "2019.01.08"]

1. d4 Nf6 2. c4 e6 3. Nc3 Bb4 4. e3 O-O 5. Ne2 Re8 6. a3 Bf8 7. Nf4 d5 8. cxd5
exd5 9. Bd3 c6 10. O-O Bd6 11. b4 Nbd7 12. h3 Nf8 13. Qc2 Ng6 14. Nxg6 hxg6 15.
Bd2 Bc7 16. b5 Qd6 17. f4 c5 18. dxc5 Qxc5 19. Ne4 Nxe4 20. Bxe4 Qxc2 21. Bxc2
Bb6 22. Rfe1 Bf5 23. Bxf5 gxf5 24. Kf2 Re4 25. Kf3 Bc5 26. g4 fxg4+ 27. hxg4
Rae8 28. a4 b6 29. a5 Rc4 30. Rec1 bxa5 31. Rxc4 dxc4 32. Rxa5 c3 33. Bc1 Rd8
34. Ke2 Bb6 35. Ra3 Rd5 36. Rxc3 Rxb5 37. Rc8+ Kh7 38. e4 Rb3 39. e5 Rg3 40. Rf8
Rg2+ 41. Kd3 Rg3+ 42. Kc4 Rg1 43. Ba3 Rxg4 44. Rxf7 Be3 45. Kd5 Rxf4 46. e6 Kg6
47. Rxf4 Bxf4 48. Kc6 Bg5 49. Kd7 a5 50. Be7 Bd2 51. Bh4 Bb4 52. Bg3 1-0

[Event "PRO League Group Stage"]
[Site "chess.com INT"]
[Date "2019.01.10"]
[Round "1"]
[White "Andreikin, Dmitry"]
[Black "Andriasian, Zaven"]
[Result "0-1"]
[WhiteTitle "GM"]
[BlackTitle "GM"]
[WhiteElo "2725"]
[BlackElo "2604"]
[WhiteTeam "Volga Stormbringers"]
[BlackTeam "Armenia Eagles"]
[WhiteFideId "4158814"]
[BlackFideId "13302000"]
[EventDate "2019.01.08"]

1. d4 d5 2. c4 c6 3. Nc3 Nf6 4. Nf3 dxc4 5. g3 b5 6. Bg2 e6 7. O-O Bb7 8. e4 Be7
9. e5 Nd5 10. a4 a6 11. Ne4 Nd7 12. Bg5 O-O 13. h4 h6 14. Bxe7 Qxe7 15. Nd6 Rab8
16. Nd2 c5 17. axb5 axb5 18. Ra7 cxd4 19. Rxb7 Rxb7 20. Nxb7 Nxe5 21. Qh5 Nd7
22. Ne4 d3 23. Ra1 Qb4 24. Nbd6 Qxb2 25. Ra8 Qc1+ 26. Kh2 g6 27. Qf3 Ne5 28.
Nf6+ Nxf6 29. Rxf8+ Kxf8 30. Qa8+ Kg7 31. Qa7 Nfg4+ 32. Kh3 Qg1 0-1

[Event "PRO League Group Stage"]
[Site "chess.com INT"]
[Date "2019.01.10"]
[Round "1"]
[White "Abdusattorov, Nodirbek"]
[Black "Martirosyan, Haik M."]
[Result "1/2-1/2"]
[WhiteTitle "GM"]
[BlackTitle "GM"]
[WhiteElo "2560"]
[BlackElo "2607"]
[WhiteTeam "Volga Stormbringers"]
[BlackTeam "Armenia Eagles"]
[WhiteFideId "14204118"]
[BlackFideId "13306553"]
[EventDate "2019.01.08"]

1. e4 c5 2. Nf3 Nc6 3. Bb5 e6 4. O-O Nge7 5. Re1 d5 6. exd5 Qxd5 7. Nc3 Qd8 8.
d4 cxd4 9. Nxd4 Bd7 10. Bg5 Qb6 11. Nxc6 Bxc6 12. Bxc6+ Nxc6 13. Qh5 Be7 14.
Bxe7 Nxe7 15. Qg5 Ng6 16. Qb5+ Qxb5 17. Nxb5 Ke7 18. c4 a6 19. Nc3 Rac8 20. Nd5+
Kd6 21. Nb6 Rc6 22. b4 Ke7 23. c5 Rd8 24. Rad1 Rxd1 25. Rxd1 Ke8 26. Nc4 Rc7 27.
g3 Ke7 28. a4 Nf8 29. Na5 Nd7 30. Nxb7 Rxb7 31. c6 Rxb4 32. Rxd7+ Kf6 33. a5 Rc4
34. c7 g5 35. Kf1 e5 36. Rd6+ Kf5 37. Rxa6 Rxc7 38. Kg2 g4 39. h3 h5 40. h4 f6
41. Ra8 Rc5 42. a6 Ra5 43. a7 Ra1 44. Kh2 Ra2 45. Kg1 Ra1+ 46. Kg2 Ra2 47. Rh8
Rxa7 48. Rxh5+ Ke4 49. Rh8 Kf5 50. Rg8 Rh7 51. Kf1 Ra7 52. Rd8 1/2-1/2